Normal view MARC view

Entry Nombre corporativo

Number of records used in: 1

001 - NÚMERO DE CONTROL

  • campo de control: 28597

003 - IDENTIFICADOR DEL NÚMERO DE CONTROL

  • campo de control: FranzMayer

005 - FECHA Y HORA DE LA ÚLTIMA TRANSACCIÓN

  • campo de control: 20221006163414.0

008 - DATOS DE LONGITUD FIJA

  • campo de control de longitud fija: 221006|| aca||aabn | a|a d

040 ## - FUENTE DE LA CATALOGACIÓN

  • Centro catalogador/agencia de origen: FranzMayer
  • Centro/agencia transcriptor: FranzMayer

110 ## - ENCABEZAMIENTO-NOMBRE DE ENTIDAD CORPORATIVA

  • Nombre de entidad corporativa o nombre de jurisdicción como elemento de entrada: World Federation of Friends of Museums
  • Subdivisión de forma: Catálogo
  • Subdivisión general: Arte
  • Subdivisión general: Historia

670 ## - FUENTE DE DATOS ENCONTRADOS

  • Cita de la fuente: Work cat.: (FranzMayer)10861: Art donations : selected works donated by members of the World Federation of Friends of Museums = Donations d'art : sélection d'oeuvres données par les membres de la Fédération Mondiale des Amis des Musées = Donaciones de arte : selección de obras donadas por los miembros de la Federación Mundial de Amigos de los Museos, 2005